Normal view
MARC view
Entry Topical Term
001 - CONTROL NUMBER
- control field: 354875
003 - CONTROL NUMBER IDENTIFIER
- control field:
005 - DATE AND TIME OF LATEST TRANSACTION
- control field: 20210602110758.0
008 - FIXED-LENGTH DATA ELEMENTS
- fixed length control field: 210602|| aca||aabn | a|a d
040 ## - CATALOGING SOURCE
- Original cataloging agency:
- Transcribing agency:
150 ## - HEADING--TOPICAL TERM
- Topical term or geographic name entry element: Executive power
- Geographic subdivision: United States
- General subdivision: History
670 ## - SOURCE DATA FOUND
- Source citation: Work cat.: (): Schlesinger, Arthur M. (Arthur Meier), 1917- 354874, The imperial presidency /, c1973
